000 00761nam a2200241 4500
001 17533
003 BD-RjUL
005 20211209000145.0
008 730427s1962 nju b eng c
035 _a(BD-RjUL)17591
040 _aCleveland St Univ Lib
_beng
_cBD-RjUL
_dBD-RjUL
041 _aeng
082 0 4 _a821.912
_bTSE 1962
245 1 _aT. S. Eliot :
_ba collection of critical essays /
_cHugh Kenner
260 _aEnglewood Cliff ; N. J. :
_bPrentice-Hall,
_cc1962.
300 _aviii, 210 p. ;
_c21 cm.
490 0 _aA Spectrum book: Twentieth century views, S-TC-2.
504 _aIncludes bibliography.
600 1 0 _aEliot, T. S.
_q(Thomas Stearns),
_d1888-1965.
_954029
700 1 _aKenner, Hugh
_951854
942 _2ddc
_cBK
999 _c17533
_d17533